| 000 | 00860nam a2200253 a 4500 | ||
|---|---|---|---|
| 999 |
_c12351 _d12351 |
||
| 001 | 12351 | ||
| 003 | BD-JhCC | ||
| 005 | 20211102125605.0 | ||
| 008 | 211102b2021 bg |||| ||a| 000 0 Ben d | ||
| 035 | _a(BD-JhCC)12351 | ||
| 040 |
_aBD-JhCC _dBD-JhCC |
||
| 041 | _abengali | ||
| 082 |
_a658.456 _bLEN 2021 |
||
| 100 | _aলিঞ্চিওনি,প্যাট্রিক | ||
| 245 |
_aডেথ বাই মিটিং / _cপ্যাট্রিক লিঞ্চিওনি, অনু: এস.এম,তাসবীর আমিন। |
||
| 260 |
_aঢাকা: _bইমপ্রেস বুকস্; _c২০২১. |
||
| 300 |
_a196 p. : _c22 cm. |
||
| 650 | _aBusiness meeting | ||
| 650 | _aExecutive coaching | ||
| 650 | _aLeadership | ||
| 700 | _a আমিন,এস.এম,তাসবীর | ||
| 942 |
_2ddc _cBK |
||